| 000 | 00365nam a2200145Ia 4500 | ||
|---|---|---|---|
| 008 | 221030s9999 xx 000 0 und d | ||
| 020 | _a9788192355207 | ||
| 041 | _aEnglish | ||
| 100 | _aS. Bansal | ||
| 245 | 0 |
_aComputer Fundamentals & Applications _cby S. Bansal |
|
| 260 |
_bApex Pub. _aNew Delhi _c2012 |
||
| 300 | _a539 | ||
| 650 | _aBB Computer | ||
| 942 | _cBK | ||
| 999 |
_c18797 _d18797 |
||